000 00873cam a2200193 i 4500
005 20251214085038.0
008 250721s1970 ua gr 000 0 ara d
082 1 4 _a216,5
_bأ ح م
100 1 _aغنيم، أحمد
_eمؤلف.
245 1 0 _aموانع الزواج :
_bبين الشرائع السماوية الثلاث و القوانين الوضعية /
_cالدكتور احمد غنيم.
264 3 1 _aالقاهرة :
_bدار النهضة العربية،
_c1970.
300 _aثلاث اجزاء في مجلد واحد ( دراسة مقارنة )
500 _aج 1- النظرة العامة للزواج ج2- الموانع المؤقته للزواج ج3 - الموانع المؤيده للزواج
650 1 7 _aالإسلام.
650 1 7 _aالفقه.
650 1 7 _aالزواج.
942 _2ddc
_cBK
999 _c1591
_d1591